000 00292nam a22001337a 4500
008 190227b xxu||||| |||| 00| 0 eng d
020 _a1111351643
041 _aeng
080 _22nd
_a371
100 _a25
101 _aEDU
245 _a100% Student Success
_cSolomon, A
942 _2udc
_cBK
999 _c54382
_d54382